000 00551nam a2200181Ia 4500
001 8895
005 20260306160643.0
008 260306t1975||||xx |||||||||||||| ||spa||
041 _aESP
082 _a371.9
_bM61
110 _aMinisterio de Educación. Dirección General de Educación Inicial y Básica Regular. Dirección de Educación Especial
245 0 _aGuía de entrenamiento auditivo y organización rítmico-motriz
260 _c1975
300 _a48 páginas :
_c21 cm.
650 _aGEN
654 _aCED
942 _cLIB
_dJUS
_fJUS
_2ddc
_n
999 _c8895
_d8895